Score 0/39 Timer 03:00
0 Plays Today
% Correct
of
100%
of
98.6%
One
97.9%
of
97.9%
on
97.2%
of
96.5%
of
96.5%
of
96.5%
of
96.5%
of
95.8%
of
95.8%
of
95.8%
of
95.8%
Owl
95.1%
Owl
95.1%
of
95.1%
of
93.8%
Order
93.1%
of
93.1%
of
92.4%
% Correct
on
91.7%
of
91%
of
90.3%
of
89.6%
of
89.6%
of
89.6%
Owls
89.6%
One
88.9%
of
88.9%
of
88.9%
of
88.9%
of
88.2%
Only
88.2%
Opals
88.2%
Out
87.5%
Other
85.4%
Overheard
85.4%
OWLs
81.9%
Occlumency
61.1%

You're not logged in!

Compare scores with friends on all Sporcle quizzes.
OR
Log In

Sporcle TV

Today on Sporcle TV


Watch our educational content, quiz creation guides, and fun videos on Sporcle TV.

Show Comments

Extras

Created Jun 10, 2017ReportNominate
Tags:Clickable Quiz, Chapter, harry

Top Quizzes Today


Score Distribution

Paid Content

Your Account Isn't Verified!

In order to create a playlist on Sporcle, you need to verify the email address you used during registration. Go to your Sporcle Settings to finish the process.

Report this User

Report this user for behavior that violates our Community Guidelines.

Details: